Proceeding of the association of asphalt paving technologists. (Record no. 547753)

000 -LEADER
fixed length control field 00426nam a22001337a 4500
082 ## - DEWEY DECIMAL CLASSIFICATION NUMBER
Classification number 625.85
Author Mark PRO
-- D.
100 ## - MAIN ENTRY--PERSONAL NAME
Personal name Mcleod, Norman W.
9 (RLIN) 43885
245 ## - TITLE STATEMENT
Title Proceeding of the association of asphalt paving technologists.
Statement of responsibility, etc. Norman W. Mcleod.
260 ## - PUBLICATION, DISTRIBUTION, ETC.
Name of publisher, distributor, etc. The Association of Asphalt Paving Technologists.
Date of publication, distribution, etc. 1962.
300 ## - PHYSICAL DESCRIPTION
Extent vi, 156 p.:
526 ## - STUDY PROGRAM INFORMATION NOTE
Program name 0
Interest level 0
Reading level 0
Title point value 625_850000000000000_PRO
650 ## - SUBJECT ADDED ENTRY--TOPICAL TERM
Topical term or geographic name entry element MCE
9 (RLIN) 379
942 ## - ADDED ENTRY ELEMENTS (KOHA)
Source of classification or shelving scheme
Koha item type Book
Holdings
Withdrawn status Lost status Source of classification or shelving scheme Damaged status Not for loan Permanent Location Current Location Date acquired Total Checkouts Full call number Barcode Date last seen Price effective from Koha item type
          Military College of Engineering (MCE) Military College of Engineering (MCE) 08/05/2014   625.85 PRO MCE-42548 08/05/2014 08/05/2014 Book
© 2023 Central Library, National University of Sciences and Technology. All Rights Reserved.